000 02375cam a2200289 4500500
005 20260419004229.0
041 _afre
042 _adc
100 1 0 _aSelim, Monique
_eauthor
245 0 0 _aImplication critique, critique de l’implication
260 _c2025.
500 _a45
520 _aRésuméCet article s’attache au débat entre anthropologie et psychanalyse, ses évolutions récentes et ses bascules, dans le cadre des transformations centrales du monde contemporain marqué par l’irruption de multitudes d’identités. À travers le concept d’implication, l’auteure examine d’un point de vue anthropologique comment les disciplines se sont approprié de façons diverses la réflexivité sur la position du·de la chercheur·euse et de ses interlocuteur·rices, afin d’engager une mutation de leurs outils méthodologiques et épistémologiques. Passée au crible de ses actualisations morale, politique, séparatiste, identitaire, l’implication fait l’objet d’un regard critique qui révèle les divergences des postures de l’anthropologue et du·de la psychanalyste.
520 _aAbstractThis article focuses on the debate between anthropology and psychoanalysis, its recent developments and its shifts, in the context of the central transformations of the contemporary world marked by the emergence of diverse identities. Through the concept of implication, the author examines – from an anthropological perspective – how the disciplines have appropriated reflexivity in different ways on the position of the researcher and their interlocutors in order to initiate a transformation of their methodological and epistemological tools. Sifted through its moral, political, separatist and identity updates, the implication is the subject of a critical examination that highlights the divergences in the postures of the anthropologist and the psychoanalyst.
690 _aanthropologie
690 _aidentité
690 _apolitique
690 _aposition
690 _apsychanalyse
690 _aAnthropology
690 _aIdentity
690 _aPolitics
690 _aPosition
690 _aPsychoanalysis
786 0 _nL'Homme & la Société | 222 | 1 | 2025-12-02 | p. 295-314 | 0018-4306
856 4 1 _uhttps://shs.cairn.info/revue-lhomme-la-societe-2025-1-page-295?lang=fr&redirect-ssocas=7080
999 _c2215372
_d2215372